| 000 | 01192nam a2200301 a 4500 | ||
|---|---|---|---|
| 001 | 000010844 | ||
| 005 | 20240410073845.0 | ||
| 008 | 091012s1990 dr 001 0 spa d | ||
| 040 |
_aDO-SdBNP _bspa _cBNPHU |
||
| 041 | 1 | 7 |
_aspa _heng |
| 082 |
_a917.293 _bB959p |
||
| 100 | 1 |
_aBurks, Arthur J., _d1915-2008 _926167 |
|
| 240 | 1 | 0 | _aLand of checkerboard families |
| 245 | 1 | 3 |
_aEl país de las familias multicolores / _cArthur J. Burks ; traducción del inglés por Gustavo Amigó ; prólogo José del Castillo ; revisión Diógenes Céspedes. |
| 260 |
_aSanto Domingo : _bSociedad Dominicana de Bibliófilos, _c1990. |
||
| 300 |
_a225 p. ; _c23 cm. |
||
| 490 | 1 | _aCultura Dominicana | |
| 500 | _aIncluye notas a pie de páginas. | ||
| 650 | 4 |
_aCiudades y pueblos _zRepública Dominicana _9784 |
|
| 651 | 4 |
_aRepública Dominicana _xDescripciones Y Viajes _91651 |
|
| 651 | 0 |
_aRepública Dominicana -- _xHistoria -- _y1844-1930 _91009 |
|
| 700 | 1 |
_aAmigó, Gustavo, _etr. _926168 |
|
| 700 | 1 |
_aCastillo, José del, _epról. _92145 |
|
| 700 | 1 |
_aCéspedes, Diógenes, _d1941- _erev. _920548 |
|
| 830 | 0 |
_aCultura Dominicana _91708 |
|
| 910 | _aValidado. Control de calidad EMS | ||
| 049 | _aBNPD | ||
| 999 |
_c10593 _d10593 |
||